Rozpoznaj film po kadrze #1 - Statystyki

Ogólne statystyki
  • Ten quiz został rozwiązany 125 razy
  • Średni wynik to 5 z 20
Statystyki odpowiedzi
Obrazkowy Odpowiedź % Poprawnych
Coco
81%
Iron Man
81%
Skazani na Shawshank
77%
WALL-E
76%
Mroczny Rycerz
63%
Jestem legendą
42%
Cinema Paradiso
19%
Kanał
16%
Polowanie
16%
Pokój
15%
Okno na podwórze
13%
Życie Carlita
6%
Bogowie ulicy
5%
Bulwar Zachodzącego Słońca
5%
Prawo Bronxu
5%
Trzy kolory:Biały
3%
Przełamując fale
2%
Sugar Man
2%
Who Am I. Możesz być kim chcesz
2%
Miasto gniewu
1%
Nie znaleziono quizów pasujących do podanych kryteriów
Rozkład punktacji
Procent ludzi z każdym wynikiem
Percentyl według liczby udzielonych odpowiedzi
Twoja historia wyników
Nie rozwiązałeś tego quizu